000 00208nam a2200097 4500
999 _c530814
_d530814
040 _cDLC
082 _a891.43
_bTAR
100 _aTarar, Mustansar Hussain
_93135
245 _aKarawan e Sarae
942 _2ddc
_cBK